000 00627nam a2200193 a 4500
001 000016956
005 20200929165007.0
008 100312s1928 dr 000 0 spa d
040 _aDO-SdBNP
_bspa
_cBNPHU
082 _a461.5
_bL791c
100 1 _aLlaverias, Federico
_910157
245 1 0 _aCompendio de ortografía y prosodia del idioma castellano /
_cFederico Llaverias.
260 _aSanto Domingo :
_bEl Independiente,
_c1928.
300 _a56 p. ;
_c20 cm.
500 _aIncluye notas al pie de páginas
650 4 _aOrtografía
_xEnseñanza
_99599
650 4 _aEspañol
_xOrtografía
_xEnseñanza
_91228
049 _aBNPD
999 _c16488
_d16488